Sanat - "Minä soitan harmonikkaa" - Statistics

Yleistilastot
  • Tätä visaa on pelattu 18 kertaa
  • Keskiarvotulos 38 / 58
Vastaustilastot
Vastaus % Oikein
harmonikkaa
100%
harmonikkaa
100%
minä
100%
Minä
100%
soitan
100%
soitan
100%
ja
89%
on
89%
on
89%
ihmiset
78%
ihmiset
78%
kummissaan
78%
kummissaan
78%
huomenna
72%
huomenna
72%
jälleen
72%
jälleen
72%
juhlapäivää
72%
juhlapäivää
72%
viettää
72%
viettää
72%
voi
72%
voisin
72%
voisin
72%
jätskiä
67%
astukoot
61%
hyvää
61%
Jalankulkijat
61%
syntymäpäivää
61%
taikuri
61%
tänään
61%
toivottaa
61%
asfaltti
56%
hän
56%
Helikopteri
56%
ilmaiseksi
56%
juoskoot
56%
lahjoittaa
56%
lätäköihin
56%
lentää
56%
mulle
56%
niin
56%
oon
56%
saapuu
56%
siinä
56%
vetinen
56%
eihän
50%
filmejä
50%
iloinen
50%
joka
50%
kansa
50%
kiiltäköön
50%
kulkee
50%
märkänä
50%
tietää
50%
viisisataa
50%
miksi
44%
näyttää
44%
Ehtoja vastaavia visoja ei löytynyt
Tulosjakauma
Jokaisen tuloksen saaneiden osuus
Persentiili vastausten määrän mukaan
Tuloshistoriasi
Et ole pelannut tätä visaa